LEADER 01003nam0-2200361---450- 001 990009651390403321 005 20121129121451.0 010 $a9781405189101 035 $a000965139 035 $aFED01000965139 035 $a(Aleph)000965139FED01 035 $a000965139 100 $a20121129d2011----km-y0itay50------ba 101 0 $aeng 102 $aGB 105 $a--------001yy 200 1 $aFood and beverage packaging technology$fedited by Richard Coles and Mark Kirwan 205 $a2nd ed. 210 $aChichester$cWiley-Blackwell$d2011 215 $axvi, 326 p.$cill.$d25 cm 610 0 $aFood Packaging 610 0 $aBeverages Packaging 610 0 $aFood Preservation 676 $a664.09 702 1$aColes,$bRichard 702 1$aKirwan,$bMark 801 0$aIT$bUNINA$gRICA$2UNIMARC 901 $aBK 912 $a990009651390403321 952 $a60 664.09 B 14$b14058$fFAGBC 959 $aFAGBC 996 $aFood and beverage packaging technology$9840004 997 $aUNINA LEADER 01199cam0-22003971i-450- 001 990000775610403321 005 20051026110527.0 010 $a88-85685-36-6 035 $a000077561 035 $aFED01000077561 035 $a(Aleph)000077561FED01 035 $a000077561 100 $a20020821d1989----km-y0itay50------ba 101 0 $aita 105 $aa-------001yy 200 1 $aProiezioni urbane$ela realtą della immaginazione$fcon scritti e interventi di Alberto Abruzzese ... [et al.]$ga cura di Marisa Galbiati 210 $aMilano$cTranchida$d1989 215 $a237 p.$cill.$d21 cm 225 1 $aDiscipline$fcollana diretta da Adalberto Bonecchi e Marisa Galbiati$v2 300 $aBibliografia: p. 219-229 610 0 $aImmagine filmica 610 0 $aComunicazione visiva 610 0 $aCittą 610 0 $aCinem 676 $a001.55 702 1$aAbruzzese,$bAlberto$f<1942- > 702 1$aGalbiati,$bMarisa 801 0$aIT$bUNINA$gRICA$2UNIMARC 901 $aBK 912 $a990000775610403321 952 $aURB.LE B 738$bINV.2125$fFARBC 952 $a342034$b898$fDCATA 959 $aFARBC 959 $aDCATA 996 $aProiezioni urbane$9349909 997 $aUNINA